00604nam a2200205Ia 4500003000900000008004100009040001300050040001300063041000800076100002300084245003700107250001300144260001600157260000900173300001000182490000600192942000700198999001300205952018000218IT-RoPAU120407s9999 xx 000 0 und d aIT-RoPAU cIT-RoPAU aita aGiuseppe Ricciotti aL’apocalisse di Paolo, siriaca aBrescia  aMorcelliana c1932 c24 cm v1 cBK c368d368 00102ddc406229_30000000000000071aPAULUSbPAULUSd2012-04-11l0o229.3r2012-04-11 00:00:00w2012-04-11yBKzInserito da: In data: n.d. fondo: Via A.Severo 56 Progr:16639